[Event "36th European Club Cup 2021"]
[Site "Struga"]
[Date "2021.09.20"]
[Round "3.20"]
[White "Malakhov, Vladimir"]
[Black "Banusz, Tamas"]
[Result "1-0"]
[WhiteElo "2666"]
[BlackElo "2641"]
[Annotator "TA"]
[PlyCount "81"]
[EventDate "2021.09.18"]
[EventType "team-tourn"]
[EventCountry "MKD"]
[SourceTitle "playchess.com"]
[Source "ChessBase"]
[SourceQuality "1"]

{[%evp 9,81,0,9,13,9,8,10,0,2,-19,12,9,33,33,45,18,25,0,0,-6,55,0,12,0,0,0,0,0,
-29,-26,-36,-44,-43,-44,-44,-33,-47,-46,-48,-59,-19,-28,0,0,0,0,0,0,0,0,0,-257,
-200,-225,0,-200,-186,-406,-406,-474,-482,-482,-97,-90,-20,-9,-33,-8,175,154,
29979,29980,29977,29978]} 1. Nf3 d5 2. e3 Nf6 3. c4 e6 4. Nc3 Nbd7 5. b3 b6 6.
Bb2 {A17: English Opening: 1...Nf6 with ...Bb4.} Bb7 7. Rc1 a6 8. cxd5 {
The position is equal.} exd5 9. Ne2 Rc8 {[#]} (9... c5 {looks sharper.} 10. Ng3
g6 11. Be2 Bg7 12. O-O O-O) 10. g3 $146 ({Predecessor:} 10. Qc2 c5 11. Ng3 g6
12. Be2 Bg7 13. O-O O-O 14. Qb1 b5 15. Rfe1 Re8 16. Qa1 {1-0 (66) Quesada
Perez,L (2542)-Sanchez,S (2431) Medellin 2020}) 10... c5 (10... Be7 {keeps
more tension.} 11. Bh3 c6 12. O-O O-O 13. Ne5 Rc7) 11. Bg2 b5 12. O-O Bd6 13.
d4 c4 14. Nd2 Qb6 (14... O-O $11) 15. Nc3 (15. e4 $5) 15... O-O 16. e4 dxe4 (
16... Qxd4 $2 17. Nxb5 $1 {[%mdl 512]} Qxb2 18. Nxd6 $18) 17. Ncxe4 Bd5 18.
Nxf6+ Nxf6 19. Bxd5 Nxd5 20. bxc4 bxc4 21. Nxc4 {[#]} Rxc4 {[%mdl 64] Remove
Defender} 22. Rxc4 {Threatens to win with Qb3.} Qxb2 23. Rc6 Rd8 24. Rxa6 Be7 (
24... Nc7 $5 {[%cal Rc7a6]} 25. Ra7 Qb8 $11) 25. Qb3 Qe2 26. Qb7 Bf8 27. Ra8
Rxa8 28. Qxa8 Nc3 29. a4 Ne4 30. Kg2 $2 {[%mdl 8192]} (30. a5 $11 {and White
stays safe.}) 30... Nd2 {[%csl Gd2][%cal Re2f1]} 31. Rc1 Ne4 32. Rf1 {[#]} h5
$1 33. Qd5 $2 (33. a5) 33... h4 $19 {( -> ...h3+!)} 34. gxh4 Qg4+ 35. Kh1 Bd6
$2 (35... Qf3+ $19 36. Kg1 Bd6) 36. f3 $17 {[#]} Qh3 (36... Ng3+ $1 $17 37. Kg1
(37. Kg2 $2 Nxf1+ 38. Kxf1 Qh3+ 39. Ke2 Bb4 $19) 37... Qg6) 37. Qa8+ $11 Bf8 {
[%cal Rh3f1]} 38. Kg1 Ng3 39. Re1 $18 {aiming for h5.} ({Weaker is} 39. hxg3
Qxg3+ 40. Kh1 Qh3+ 41. Kg1 Qg3+ 42. Kh1 Qh3+ 43. Kg1 Qg3+ $11) 39... Nf5 $2 (
39... Qxh4 $16 40. hxg3 Qxg3+ 41. Kf1 Qh3+ 42. Ke2 Qh2+ 43. Ke3 Qh6+ 44. Ke2
Qd6) 40. Re8 Kh7 41. Rxf8 {Weighted Error Value: White=0.28/Black=0.63} 1-0

[Event "36th European Club Cup 2021"]
[Site "Struga"]
[Date "2021.09.20"]
[Round "3.21"]
[White "Papp, Gabor"]
[Black "Dreev, Aleksey"]
[Result "1/2-1/2"]
[WhiteElo "2599"]
[BlackElo "2637"]
[Annotator "TA"]
[PlyCount "60"]
[EventDate "2021.09.18"]
[EventType "team-tourn"]
[EventCountry "MKD"]
[SourceTitle "playchess.com"]
[Source "ChessBase"]
[SourceQuality "1"]

{[%evp 9,60,0,9,10,6,10,38,29,36,31,27,0,6,6,11,0,0,0,0,0,0,7,13,9,4,0,0,0,-6,
-8,-5,-12,0,0,-9,0,0,0,0,0,0,0,0,0,0,0,0,0,0,0,6,0,9]} 1. e4 c6 2. Nf3 d5 3. d3
dxe4 4. dxe4 Qxd1+ 5. Kxd1 Nd7 6. Nbd2 {B10: Caro-Kann: 2 d3 and 2 c4.} Ngf6 7.
Ne1 Nc5 8. f3 {White is slightly better.} g6 {[#]} 9. a4 $146 ({Predecessor:} 
9. Nb3 Na4 10. c3 Bg7 11. Kc2 O-O 12. Be3 Nd7 13. Nd3 b6 14. Rd1 a5 15. Be2 {
1-0 (37) Klepek,W (2103)-Stanisz,P (2138) Sypniewo 2021}) 9... Bg7 10. c3 Be6 {
The position is equal.} 11. Kc2 Bh6 12. b4 Bxd2 13. Bxd2 Nb3 14. Rb1 {[#] Be3
is the strong threat.} Nxd2 15. Kxd2 O-O-O+ 16. Ke3 Ne8 17. Nc2 Nd6 18. Na3 f5
19. Bd3 fxe4 20. Bxe4 Nxe4 21. fxe4 Rd6 {With the idea ...Rhd8.} 22. Rhd1 Rf8
23. a5 Bg8 24. Nc2 Rxd1 25. Rxd1 $11 {[%mdl 4096] Endgame KRB-KRN} Bb3 26. Rc1
Bxc2 27. Rxc2 Kd7 28. Rd2+ Ke6 29. Rd1 g5 30. h3 Rg8 {Weighted Error Value:
White=0.02/Black=0.03} 1/2-1/2

[Event "36th European Club Cup 2021"]
[Site "Struga"]
[Date "2021.09.20"]
[Round "3.22"]
[White "Zvjaginsev, Vadim"]
[Black "Thybo, Jesper Sondergaard"]
[Result "1/2-1/2"]
[WhiteElo "2603"]
[BlackElo "2587"]
[Annotator "TA"]
[PlyCount "111"]
[EventDate "2021.09.18"]
[EventType "team-tourn"]
[EventCountry "MKD"]
[SourceTitle "playchess.com"]
[Source "ChessBase"]
[SourceQuality "1"]

{[%evp 29,111,2,11,5,13,1,6,5,8,5,21,25,26,12,23,22,20,18,27,12,20,20,20,23,23,
20,20,20,20,26,26,20,20,20,20,20,20,20,20,20,20,8,20,0,20,8,8,8,20,20,20,20,20,
0,20,20,20,0,0,0,20,20,20,20,20,20,20,20,20,20,20,20,20,0,0,0,0,0,0,0,0,0,0,0]
} 1. c4 Nf6 2. Nf3 e6 3. Nc3 d5 4. d4 dxc4 5. e3 a6 6. a4 c5 7. Bxc4 Nc6 8. O-O
Be7 9. Qe2 cxd4 10. Rd1 e5 11. exd4 exd4 12. Nxd4 Nxd4 13. Qe5 Qd6 14. Qxd6
Bxd6 15. Rxd4 Bc5 16. Rd3 {D27: Queen's Gambit Accepted: Classical main line:
7 e4!? and 7 a4.} (16. Rf4 {is interesting.} O-O 17. Nd5 Nxd5 18. Bxd5 Rb8 19.
Be3) 16... Bf5 17. Rf3 Be6 18. Bxe6 fxe6 19. Be3 Bxe3 20. Rxe3 Kf7 {[#]} 21.
Ra3 $146 ({Predecessor:} 21. g3 Rhd8 22. Ra3 Rac8 23. Rb3 Rd7 24. Ne4 Rc6 25.
Ng5+ Ke7 26. Re2 b6 27. Rbe3 Rdd6 28. Kg2 h6 29. Nf3 Rc1 30. Ne5 Nd7 31. Ng6+ {
1/2-1/2 (31) Sasa,V (1151)-Kobryn,K (800) LSS email 2011}) 21... Rac8 22. Rb3
Rc7 23. g3 Rd8 24. Ne4 Ke7 25. Nxf6 gxf6 $11 {[%mdl 4096] Endgame KRR-KRR} 26.
Rb6 Rd6 27. Reb3 Rxb6 28. Rxb6 {KR-KR} f5 29. Kg2 Kf6 30. f4 Rc2+ {The
position is equal.} 31. Kh3 Rc7 32. Kh4 h5 33. h3 Rd7 34. a5 Rc7 35. Rd6 Rc2
36. Rb6 ({Not} 36. Kxh5 $2 Rc8 $19) 36... Rc7 37. Rb3 Rd7 38. Rb4 Kg6 39. Rb6
Kf6 40. Rb3 Rc7 41. Rb6 Rd7 42. b3 Rc7 43. Rb4 Rd7 44. Rb6 Rc7 45. b4 Rd7 46.
b5 axb5 47. Rxb5 Rc7 48. Rb6 Rd7 49. Rb1 Kg6 50. Rb5 Rc7 51. g4 (51. Re5 {
is more complex.} Kf6 52. Re1 Rd7 53. Ra1 Rd3 54. a6) 51... hxg4 52. hxg4 fxg4
53. Kxg4 Kf6 54. Kf3 Rc3+ 55. Ke2 Rc4 56. Ke3 {A rather calm draw.  Weighted
Error Value: White=0.04/Black=0.02} 1/2-1/2

[Event "36th European Club Cup 2021"]
[Site "Struga"]
[Date "2021.09.20"]
[Round "3.23"]
[White "Rozentalis, Eduardas"]
[Black "Alekseev, Evgeny"]
[Result "*"]
[WhiteElo "2509"]
[BlackElo "2610"]
[Annotator "TA"]
[PlyCount "40"]
[EventDate "2021.09.18"]
[EventType "team-tourn"]
[EventCountry "MKD"]
[SourceTitle "playchess.com"]
[Source "ChessBase"]
[SourceQuality "1"]

{[%evp 28,40,0,0,0,0,10,0,16,0,8,0,24,0,8]} 1. e4 e6 2. d4 d5 3. Nd2 c5 4. Ngf3
cxd4 5. exd5 Qxd5 6. Bc4 Qd8 7. O-O Nf6 8. Nb3 Nc6 9. Nbxd4 Nxd4 10. Qxd4 Qxd4
11. Nxd4 Bd7 12. Bf4 Rc8 13. Bb3 Bc5 14. Rad1 O-O 15. Rfe1 {is the legacy move
(15.c3).} Rfd8 {C07: French Tarrasch: 3...c5, 4 Ngf3 and 4 exd5 Qxd5.} 16. c3
Kf8 $5 {[%mdl 4] An interesting side line.} 17. h3 {[#]} Nh5 $146 ({
Predecessor:} 17... b5 18. a3 a5 19. Nc2 Bc6 20. Be3 Bxe3 21. Nxe3 Ne4 22.
Rxd8+ Rxd8 23. Rd1 Rxd1+ 24. Bxd1 Ke7 25. f3 Nd6 {1/2-1/2 (42) Ulker,A (2113)
-Dobosz,H (2381) Bregenz 2017}) 18. Bg5 Nf6 19. Bf4 Nh5 20. Bg5 Nf6 {An
uneventful encounter.  Weighted Error Value: White=0.10/Black=0.05} *

[Event "36th European Club Cup 2021"]
[Site "Struga"]
[Date "2021.09.20"]
[Round "3.24"]
[White "Sychev, Klementy"]
[Black "Danielsen, Henrik"]
[Result "1-0"]
[WhiteElo "2556"]
[BlackElo "2521"]
[Annotator "ChessBase"]
[PlyCount "55"]
[EventDate "2021.09.18"]
[EventType "team-tourn"]
[EventCountry "MKD"]
[SourceTitle "playchess.com"]
[Source "ChessBase"]
[SourceQuality "1"]
[TimeControl "40/5400+30:1800+30"]

1. e4 {[%emt 0:00:06]} d6 {[%emt 0:00:51]} 2. d4 {[%emt 0:00:05]} Nf6 {[%emt 0:
00:29]} 3. Nc3 {[%emt 0:00:08]} e5 {[%emt 0:00:30]} 4. Nf3 {[%emt 0:09:54]}
Nbd7 {[%emt 0:00:22]} 5. Rg1 {[%emt 0:00:31]} c6 {[%emt 0:13:42]} 6. g4 {
[%emt 0:00:15]} g6 {[%emt 0:00:50]} 7. g5 {[%emt 0:00:40]} Nh5 {[%emt 0:00:31]}
8. Be3 {[%emt 0:00:06]} Qc7 {[%emt 0:01:30]} 9. Qd2 {[%emt 0:20:07]} Be7 {
[%emt 0:05:59]} 10. d5 {[%emt 0:09:33]} O-O {[%emt 0:11:20]} 11. Be2 {[%emt 0:
01:29]} Nb6 {[%emt 0:08:49]} 12. O-O-O {[%emt 0:02:48]} Qd7 {[%emt 0:18:38]}
13. h4 {[%emt 0:21:26]} cxd5 {[%emt 0:05:07]} 14. exd5 {[%emt 0:00:28]} Qh3 {
[%emt 0:03:32]} 15. Rh1 {[%emt 0:02:40]} Qf5 {[%emt 0:02:02]} 16. Nh2 {[%emt 0:
00:58]} Qd7 {[%emt 0:06:24]} 17. Ng4 {[%emt 0:02:00]} Kh8 {[%emt 0:01:15]} 18.
Rhg1 {[%emt 0:12:34]} Qe8 {[%emt 0:08:42]} 19. f4 {[%emt 0:03:02]} Bxg4 {
[%emt 0:00:20]} 20. Rxg4 {[%emt 0:00:04]} Nxf4 {[%emt 0:01:29]} 21. Bxf4 {
[%emt 0:00:31]} exf4 {[%emt 0:00:08]} 22. Rxf4 {[%emt 0:00:09]} Nd7 {[%emt 0:
00:19]} 23. Bb5 {[%emt 0:00:11]} f5 {[%emt 0:02:50]} 24. Ne2 {[%emt 0:03:31]}
a6 {[%emt 0:02:03]} 25. Bxd7 {[%emt 0:00:03]} Qxd7 {[%emt 0:00:06]} 26. Nd4 {
[%emt 0:00:01]} Rf7 {[%emt 0:01:05]} 27. Ne6 {[%emt 0:00:07]} Bf8 {[%emt 0:00:
29]} 28. h5 {[%emt 0:01:47]} 1-0

[Event "36th European Club Cup 2021"]
[Site "Struga"]
[Date "2021.09.20"]
[Round "3.25"]
[White "Mamedov, Rauf"]
[Black "Mikhalevski, Victor"]
[Result "1/2-1/2"]
[WhiteElo "2654"]
[BlackElo "2573"]
[Annotator "TA"]
[PlyCount "218"]
[EventDate "2021.09.18"]
[EventType "team-tourn"]
[EventCountry "MKD"]
[SourceTitle "playchess.com"]
[Source "ChessBase"]
[SourceQuality "1"]

{[%evp 15,218,-2,8,5,35,20,37,24,24,33,27,27,23,16,39,33,47,16,18,7,0,0,48,29,
39,25,131,131,118,115,118,107,129,139,131,105,110,68,143,144,170,170,170,170,
170,170,161,171,209,201,348,235,309,202,208,206,206,197,189,200,194,197,197,88,
97,89,86,76,80,79,81,80,69,66,99,104,234,87,79,102,93,78,99,88,89,85,85,93,108,
93,108,64,160,170,154,114,129,126,243,244,247,8,8,8,8,0,0,0,0,0,0,0,0,0,0,0,0,
0,0,0,0,0,0,0,0,0,0,0,0,0,0,0,0,0,0,0,0,0,0,0,0,0,8,0,8,8,8,8,8,8,8,8,8,0,8,8,
8,8,8,8,8,8,8,8,8,8,8,8,29970,0,0,0,0,0,0,0,0,0,0,0,0,0,0,0,0,0,0,0,0,0,0,0,0,
0,0,0,0,0,0,0,0,0,8,8,8]} 1. e4 e5 2. Nf3 Nc6 3. Bc4 Bc5 4. c3 Nf6 5. d4 exd4
6. cxd4 Bb4+ 7. Nbd2 d5 8. exd5 Nxd5 9. O-O {C54: Giuoco Piano: 4 c3 Nf6, main
lines with 5 d4 and 5 d3.} Bxd2 10. Bxd2 O-O {[#]} 11. Qb3 $146 {White is
slightly better.} ({Predecessor:} 11. Bg5 f6 12. Bh4 Be6 13. Re1 Bf7 14. Ne5
Nce7 15. Nxf7 Rxf7 16. Qb3 c6 17. Qxb7 {1/2-1/2 (71) Bortnyk,O (2598)-Nakamura,
H (2736) Chess.com INT 2020}) 11... Nce7 12. Rfe1 c6 13. Rac1 a5 14. a4 Kh8 15.
h3 f6 16. Re2 Qd6 17. Rce1 Bd7 18. Bd3 (18. Qxb7 $2 Rfb8 $19) 18... g5 19. Qc2
(19. Qxb7 $2 Rfb8 $19) 19... h6 20. Qc5 Nc8 (20... Nf5 $11 {remains equal.})
21. Bb1 $1 $16 Qxc5 22. dxc5 b6 23. Rc1 bxc5 24. Rxc5 Nd6 25. Nd4 (25. Rxa5 $6
Rxa5 26. Bxa5 Ra8 $11) (25. Bxa5 $6 Rfe8 $11) 25... Rfc8 26. Ba2 (26. Bxa5 $6
Nb7 $11) 26... Nb7 (26... Nb6 $1 $14) 27. Rc1 Rab8 28. Bxd5 cxd5 29. Rxc8+ Rxc8
30. Re7 Nc5 31. b3 Ra8 32. Be3 $1 {Black must now prevent Ne2.} Rc8 (32... Re8
$142 33. Rf7 Kg8 34. Rxf6 Rb8 35. Rg6+ (35. Rxh6 Nxb3 36. Nxb3 Rxb3 $16) 35...
Kh7) 33. Rf7 f5 34. Nf3 {Threatens to win with Bxc5.} ({Much less strong is} 
34. Nxf5 $6 Bxf5 35. Rxf5 Nxb3 $18) 34... Kg8 35. Re7 d4 36. Bxd4 Bc6 37. Rg7+
$1 Kf8 38. Rh7 Bd5 39. Ne5 (39. Rh8+ $18 {is more deadly.} Bg8 40. Rxh6) 39...
Kg8 40. Rxh6 {And now Nc4 would win.} Nxb3 41. Bb2 Rc2 {[#]} 42. Rd6 $1 Bxg2
43. Rg6+ Kh7 44. Kxg2 Rxb2 $14 {[%mdl 4096] Endgame KRN-KRN} 45. Rb6 $1 Re2 46.
Nf3 ({Stronger than} 46. Rxb3 Rxe5 47. Rb7+ Kg6 $11) (46. Rb7+ $1 $18 Kg8 47.
Rxb3 Rxe5 48. Rb5) 46... Nc5 $16 47. Nxg5+ Kg7 48. Rb5 Nd3 49. Rxf5 Kg6 50.
Rxa5 {aiming for Kf3.} Rxf2+ 51. Kg3 Ra2 52. Ne4 Nb2 53. Nc5 {Strongly
threatening Kg4.} Nc4 (53... Ra3+ $1 $14 54. Kg4 Rc3 55. Ra6+ Kf7) 54. Rb5 Kf5
55. h4 Nd6 56. Rb6 Ne4+ (56... Nc4 $16 57. Rb4 Ra3+ 58. Rb3 Ra1) 57. Nxe4 $18 {
KRN-KR} Ra3+ {[#]} 58. Kg2 $2 (58. Kf2 $1 $18 Kxe4 59. Rb4+ Kf5 60. h5) 58...
Rxa4 $11 59. Ng3+ Kg4 60. Rg6+ Kxh4 61. Kf3 Rb4 62. Ne4 {[%cal Rg6h6]} (62. Nf1
{with more complications.} Rb3+ 63. Kf4 Rb4+ 64. Ke5 Rb1 65. Ke6) 62... Kh5 63.
Rg1 Rb8 64. Nf6+ Kh6 65. Kf4 Rb4+ (65... Rb7 {is interesting.} 66. Ng8+ Kh7 67.
Rh1+ Kg7 68. Kf3 Rb5) 66. Ke5 (66. Ke3 {seems wilder.} Rb3+ 67. Kd4 Ra3 68. Kc5
Ra5+ 69. Kb4) 66... Rb5+ 67. Nd5 Kh5 68. Ke4 Ra5 69. Nf6+ Kh6 70. Ng8+ (70.
Ng4+ {feels hotter.} Kh5 71. Rd1 Ra4+ 72. Kf3 Ra3+ 73. Ke2) 70... Kh5 71. Ne7 (
71. Nf6+ {is more complex.}) 71... Ra4+ 72. Ke5 Ra5+ 73. Nd5 Rc5 74. Kd4 Ra5
75. Ke4 Kh6 76. Nf4 Rb5 77. Ne6 Ra5 78. Kf4 Rd5 79. Ng7 {White wants to mate
with Nf5+.} Ra5 80. Nf5+ Kh7 81. Rg7+ Kh8 82. Rd7 Kg8 83. Kg5 Ra6 84. Nd6 Ra1 (
84... Ra4 {with more complications.} 85. Nf7 Ra3 86. Kf6 Rf3+ 87. Kg6 Kf8) 85.
Kf6 Rf1+ (85... Rd1 {with more complications.} 86. Rg7+ Kf8 87. Rf7+ Kg8 88.
Nf5 Rf1) 86. Nf5 Rf2 87. Rd1 Rf4 88. Rd8+ Kh7 89. Rd3 Kg8 90. Ra3 Rf1 91. Rh3
Rf4 $2 {[%mdl 8192] [#]} (91... Rf2 $11) 92. Rg3+ $2 (92. Rc3 $1 {mates} Rf2
93. Rc8+ Kh7 94. Rc7+ Kh8 95. Ra7 Rf1 96. Ra3 Kg8 97. Ra4) 92... Kf8 {The
position is equal.} 93. Ke5 Rf1 94. Ra3 Ke8 95. Ra7 (95. Ne3 {looks sharper.}
Rc1 96. Ke4 Kf7 97. Kd4 Ke6 98. Kd3) 95... Kd8 96. Nd4 (96. Ne3 {keeps more
tension.} Re1 97. Kd4 Rb1 98. Ke4 Ke8 99. Kf3) 96... Rd1 97. Rh7 Rd3 98. Ne6+
Ke8 99. Nd4 Kd8 100. Nb5 Re3+ 101. Kd5 Rd3+ 102. Kc6 (102. Ke4 {feels hotter.}
Rd1 103. Kf3 Rb1 104. Ra7 Ke8 105. Nd4) 102... Ke8 103. Nd6+ (103. Rh1 {
seems wilder.} Ke7 104. Re1+ Kf6 105. Kc5 Kg6 106. Rf1) 103... Kf8 104. Rd7 Rd1
105. Rd8+ Ke7 106. Re8+ Kf6 107. Rd8 {Intending Ne8+ and mate.} Ke6 108. Nf7
Rxd8 109. Nxd8+ Ke5 {Weighted Error Value: White=0.24/Black=0.19} 1/2-1/2

[Event "36th European Club Cup 2021"]
[Site "Struga"]
[Date "2021.09.20"]
[Round "3.26"]
[White "Nabaty, Tamir"]
[Black "Shevchenko, Kirill"]
[Result "1-0"]
[WhiteElo "2638"]
[BlackElo "2633"]
[Annotator "TA"]
[PlyCount "119"]
[EventDate "2021.09.18"]
[EventType "team-tourn"]
[EventCountry "MKD"]
[SourceTitle "playchess.com"]
[Source "ChessBase"]
[SourceQuality "1"]

{[%evp 9,119,-1,49,11,24,8,25,18,12,22,25,25,28,31,28,27,39,37,57,38,43,53,63,
65,56,60,45,57,56,60,66,64,61,66,76,71,81,85,91,81,121,103,106,102,113,113,135,
153,150,139,146,147,165,103,272,266,237,237,332,325,317,166,166,152,185,181,
304,230,1236,1163,959,819,4160,4160,752,687,4167,4167,4716,4405,4302,4182,4175,
4167,4167,4160,4160,4160,4160,4160,4160,4160,4160,4160,4160,4160,4160,4160,
4160,4160,4153,4153,4153,4152,4152,4152,4152,4152,4152,4145,4145,4145]} 1. d4
f5 2. Nc3 Nf6 3. Bg5 d5 4. e3 e6 5. Nf3 Nbd7 6. Bd3 {A80: Dutch Defence:
Unusual White second moves.} c5 7. O-O {[#]} a6 $146 ({Predecessor:} 7... c4 8.
Be2 Bb4 9. Nb1 Qa5 10. c3 Bd6 11. b3 b5 12. a4 Ne4 13. Bf4 Bxf4 14. exf4 {
1/2-1/2 (34) Alonso Rosell,A (2572)-Lagarde,M (2648) Chalons en Champagne 2021}
) 8. b3 {White has an edge.} b5 9. a4 c4 10. Be2 Bb4 11. Na2 Bd6 12. axb5 axb5
13. Nc3 Ba6 {[#]} 14. Rxa6 $1 {[%mdl 64] Remove Defender} Rxa6 15. Nxb5 cxb3
16. c4 $1 Bb8 17. cxd5 exd5 18. Bxf6 Rxf6 19. Nc3 O-O 20. Nxd5 Rh6 21. Qxb3 Kh8
{White should prevent ...Bxh2+.} 22. g3 Nf6 23. Nxf6 Qxf6 24. Ra1 Bd6 25. Ra6
Qe7 26. Qd5 Rhf6 27. Bc4 h6 28. h4 Rd8 29. Ra8 Bb8 30. Qb5 Rff8 {Hoping for ...
Qe4.} 31. Bd5 (31. Bd3 $18) 31... Bxg3 $2 {This costs Black the game.} 32. Rxd8
$18 Rxd8 33. fxg3 {Threatens to win with Ne5.} Qxe3+ (33... Qd6 $142) 34. Kg2
f4 35. gxf4 (35. Qc6 $142) 35... Qxf4 36. Be6 Rb8 37. Qf5 Qxf5 (37... Rb2+ $142
38. Kh3 Qxf5+ 39. Bxf5 Kg8) 38. Bxf5 g5 $2 (38... Rb5) 39. hxg5 {White is
clearly winning.} hxg5 {[#]} 40. Kg3 $1 Rb4 {[#]} 41. Kg4 $1 {[%cal Rg4g5]} Kg7
42. Kxg5 Rb3 43. Ne5 Rg3+ 44. Bg4 Rg2 45. Kf5 Rd2 46. Nc6 Rd3 47. Ke5 Re3+ 48.
Kd6 Kf6 49. d5 Rg3 50. Be6 Rb3 51. Bc8 Rd3 52. Ne5 Rd2 53. Be6 Ra2 54. Nd7+ Kg6
55. Ke7 Ra7 56. d6 Kg5 57. Bd5 Kf5 58. Kd8 Ra5 59. Nb6 Ke5 60. d7 {Weighted
Error Value: White=0.09/Black=0.26} 1-0

[Event "36th European Club Cup 2021"]
[Site "Struga"]
[Date "2021.09.20"]
[Round "3.27"]
[White "Asadli, Vugar"]
[Black "Roiz, Michael"]
[Result "1/2-1/2"]
[WhiteElo "2578"]
[BlackElo "2580"]
[Annotator "ChessBase"]
[PlyCount "127"]
[EventDate "2021.09.18"]
[EventType "team-tourn"]
[EventCountry "MKD"]
[SourceTitle "playchess.com"]
[Source "ChessBase"]
[SourceQuality "1"]
[TimeControl "40/5400+30:1800+30"]

1. e4 {[%emt 0:00:13]} e5 {[%emt 0:00:16]} 2. Nf3 {[%emt 0:00:31]} Nc6 {
[%emt 0:00:11]} 3. Bb5 {[%emt 0:00:22]} Nf6 {[%emt 0:00:34]} 4. O-O {[%emt 0:
01:07]} Nxe4 {[%emt 0:02:13]} 5. d4 {[%emt 0:00:16]} Nd6 {[%emt 0:00:05]} 6.
Bxc6 {[%emt 0:00:11]} dxc6 {[%emt 0:00:05]} 7. dxe5 {[%emt 0:00:04]} Nf5 {
[%emt 0:00:03]} 8. Qxd8+ {[%emt 0:00:07]} Kxd8 {[%emt 0:00:03]} 9. Nc3 {
[%emt 0:00:19]} Bd7 {[%emt 0:01:57]} 10. Rd1 {[%emt 0:00:50]} Kc8 {[%emt 0:01:
36]} 11. b3 {[%emt 0:00:54]} b6 {[%emt 0:22:28]} 12. Bb2 {[%emt 0:02:45]} Be7 {
[%emt 0:01:17]} 13. Rd2 {[%emt 0:13:00]} h5 {[%emt 0:08:47]} 14. Rad1 {[%emt 0:
07:55]} Be6 {[%emt 0:02:26]} 15. Ne4 {[%emt 0:01:23]} Kb7 {[%emt 0:10:20]} 16.
Nfg5 {[%emt 0:08:32]} Bxg5 {[%emt 0:07:03]} 17. Nxg5 {[%emt 0:00:58]} Rae8 {
[%emt 0:00:01]} 18. g3 {[%emt 0:12:58]} Kc8 {[%emt 0:08:14]} 19. h3 {[%emt 0:
03:52]} c5 {[%emt 0:02:26]} 20. Kg2 {[%emt 0:05:24]} Rd8 {[%emt 0:04:59]} 21.
Kf3 {[%emt 0:13:53]} Rxd2 {[%emt 0:02:11]} 22. Rxd2 {[%emt 0:00:15]} Ne7 {
[%emt 0:02:38]} 23. c4 {[%emt 0:01:53]} Rf8 {[%emt 0:03:51]} 24. Rd1 {[%emt 0:
02:03]} Rh8 {[%emt 0:01:59]} 25. Ke3 {[%emt 0:02:56]} Ng6 {[%emt 0:04:41]} 26.
f3 {[%emt 0:01:59]} Ne7 {[%emt 0:01:16]} 27. g4 {[%emt 0:04:18]} hxg4 {[%emt 0:
04:06]} 28. fxg4 {[%emt 0:00:07]} Nc6 {[%emt 0:00:39]} 29. Kf3 {[%emt 0:01:30]}
Nb4 {[%emt 0:03:10]} 30. a4 {[%emt 0:02:31]} Nc6 {[%emt 0:00:14]} 31. Bc3 {
[%emt 0:00:34]} Rd8 {[%emt 0:04:13]} 32. Rxd8+ {[%emt 0:00:08]} Kxd8 {[%emt 0:
00:46]} 33. Ke4 {[%emt 0:01:31]} Ke7 {[%emt 0:00:20]} 34. Nf3 {[%emt 0:00:23]}
Bc8 {[%emt 0:00:40]} 35. Nh4 {[%emt 0:01:20]} g6 {[%emt 0:00:46]} 36. Nf3 {
[%emt 0:02:03]} Nd8 {[%emt 0:00:26]} 37. Ke3 {[%emt 0:00:48]} Ne6 {[%emt 0:00:
51]} 38. Nd2 {[%emt 0:00:56]} Bb7 {[%emt 0:00:27]} 39. h4 {[%emt 0:00:21]} Kf8
{[%emt 0:00:31]} 40. Nf1 {[%emt 0:00:00]} a5 {[%emt 0:00:00]} 41. Ng3 {[%emt 0:
05:17]} Kg7 {[%emt 0:04:46]} 42. Ne4 {[%emt 0:00:41]} Bc6 {[%emt 0:08:51]} 43.
Nf6 {[%emt 0:04:58]} Bg2 {[%emt 0:00:33]} 44. Nd5 {[%emt 0:05:15]} Bh3 {
[%emt 0:05:39]} 45. Nf6 {[%emt 0:00:06]} Bg2 {[%emt 0:00:32]} 46. Kf2 {[%emt 0:
01:07]} Bh1 {[%emt 0:02:57]} 47. h5 {[%emt 0:00:42]} Kh6 {[%emt 0:03:26]} 48.
Bd2+ {[%emt 0:00:56]} g5 {[%emt 0:01:54]} 49. Be3 {[%emt 0:03:26]} Kg7 {
[%emt 0:00:26]} 50. Bc1 {[%emt 0:01:55]} Kh6 {[%emt 0:00:05]} 51. Ke3 {[%emt 0:
04:23]} Bg2 {[%emt 0:00:14]} 52. Kf2 {[%emt 0:02:20]} Bh1 {[%emt 0:00:04]} 53.
Kg3 {[%emt 0:00:48]} Kg7 {[%emt 0:00:12]} 54. Be3 {[%emt 0:01:14]} Kh6 {
[%emt 0:00:05]} 55. Kf2 {[%emt 0:02:39]} Kg7 {[%emt 0:00:11]} 56. Bc1 {[%emt 0:
01:06]} Kh6 {[%emt 0:00:06]} 57. Ke3 {[%emt 0:01:40]} Bg2 {[%emt 0:00:23]} 58.
Bb2 {[%emt 0:00:48]} Kg7 {[%emt 0:00:33]} 59. Ne4 {[%emt 0:00:53]} Kh6 {
[%emt 0:02:19]} 60. Bc1 {[%emt 0:00:48]} Bh1 {[%emt 0:01:15]} 61. Ng3 {[%emt 0:
01:12]} Bg2 {[%emt 0:00:09]} 62. Kf2 {[%emt 0:00:18]} Bc6 {[%emt 0:00:26]} 63.
Be3 {[%emt 0:00:28]} Bb7 {[%emt 0:00:10]} 64. Nf5+ {[%emt 0:02:39]} 1/2-1/2